000 00639nam a2200169 a 4500
001 000032277
005 20250204073952.0
008 110714s1944 dr 000 0 spa d
040 _aDO-SdBNP
_bspa
_cBNPHU
082 _axxx
_bM843c
100 1 _aMoreno Jimenes, Domingo,
_d1894-1986
_919534
245 1 0 _aCosmohombre : triálogos /
_cDomingo Moreno Jimenes, Alberto Baza Flores, Mariano Lebrón Saviñón.
260 _aSan Pedro de Macorís, República Dominicana :
_bLibreria Dominicana,
_c1944.
300 _a[16 p.] ;
_c20 cm.
700 1 _aBaeza Flores, Alberto,
_d1914-1998
_97565
700 1 _aLebrón Saviñon, Mariano
_d1922-2014
_97227
999 _c31768
_d31768